00783nam a22001817a 4500020003000000020003400030082001700064100001900081245005100100260004900151300002400200500002000224650004400244942000700288999001700295952014800312952014100460 a8188458422 (Acc.No.13006) a9789350144008 (Acc.No. 13265) a621.3822 SHA aSharma, Sanjay aDigital Signal Processing with Matlab Programs aNew Delhi, IndiabS.K. Kataria & Sons.c2012 avii, 734 p.bill. ; aIncludes index. aSignal processing -- Digital techniques cBK c12633d12633 001040708NFICaCLbCLcGENd2013-12-27eAllied Book Companyg514.48l2m3o621.3822 SHApSEECS013006r2021-02-22s2020-11-05w2014-01-13yBK 001040708NFICaCLbCLcGENd2015-02-17eGolden Booksg540.40l1m1o621.3822 SHApSEECS013265r2022-02-01s2021-10-06w2015-02-15yBK